Statistics for Famous Foreheads - Picture Quiz

Click here to take the quiz!

General Stats

  • This quiz has been taken 21,908 times
  • The average score is 11 of 15

Answer Stats

Answer % Correct
Donald Trump
99%
Queen Elizabeth II
97%
Michelle Obama
93%
Albert Einstein
93%
Mother Teresa
87%
Abraham Lincoln
86%
Michael Jackson
85%
Vladimir Putin
81%
Nelson Mandela
80%
Steve Jobs
71%
Roger Federer
67%
Elvis Presley
65%
Winston Churchill
58%
J. K. Rowling
22%
Walt Disney
21%

Score Distribution

Percentile by Number Answered

Percent of People with Each Score

Your Score History

You have not taken this quiz